| 000 | 00418nam a2200181Ia 4500 | ||
|---|---|---|---|
| 001 | 7920 | ||
| 005 | 20260306160531.0 | ||
| 008 | 260306t1983||||xx |||||||||||||| ||spa|| | ||
| 041 | _aESP | ||
| 082 |
_a363.73940985 _bS26 |
||
| 100 |
_aChirif Tirado, Alberto _eAUT |
||
| 245 | 0 | _aSaqueo Amazónico | |
| 260 | _c1983 | ||
| 300 |
_a201 páginas : _ccm. |
||
| 650 | _aGEN | ||
| 654 | _aCIA | ||
| 942 |
_cLIB _dJUS _fJUS _2ddc _n |
||
| 999 |
_c7920 _d7920 |
||